00541nam a2200181Ia 4500008004100000100002600041245012000067260001100187300002000198440002500218521000700243650002500250650002600275650001200301650001100313650001900324650001600343140626s9999 xx 000 0 und d aGavriely-Nuri, Dalia. aObituaries in the Israeli Daily Haaretz Dalia Gavriely-Nuri and Einat Lachover /c Dalia ... [et al.].Gavriely-Nuri cc2012. a22 : 1, page 48 aCommunication Theory aMC aCosmopolitan memory. aEcological discourse. aIsrael. aMedia. aMemory agents. aObituaries.